Arbitration and contract law in SAARC countries with case law on UNCITRAL model law / (Record no. 135485)
[ view plain ]
| 000 -LEADER | |
|---|---|
| fixed length control field | 00844nam a22002297a 4500 |
| 005 - DATE AND TIME OF LATEST TRANSACTION | |
| control field | 20170124110245.0 |
| 010 ## - LIBRARY OF CONGRESS CONTROL NUMBER | |
| LC control number | B-045752 |
| 020 ## - INTERNATIONAL STANDARD BOOK NUMBER | |
| Terms of availability | 00.00 |
| 035 ## - SYSTEM CONTROL NUMBER | |
| System control number | B-045752 |
| 037 ## - SOURCE OF ACQUISITION | |
| Source of stock number/acquisition | Cen Lib/Ret |
| 040 ## - CATALOGING SOURCE | |
| Original cataloging agency | DPL |
| Language of cataloging | EN |
| 082 ## - DEWEY DECIMAL CLASSIFICATION NUMBER | |
| Classification number | 346.02 |
| Item number | ARB |
| 245 ## - TITLE STATEMENT | |
| Title | Arbitration and contract law in SAARC countries with case law on UNCITRAL model law / |
| Remainder of title | edited by Kwatra G. K |
| 260 ## - PUBLICATION, DISTRIBUTION, ETC. (IMPRINT) | |
| Place of publication, distribution, etc | New Delhi |
| Name of publisher, distributor, etc | Indian Council of Arbitration in co-operation with Federation of Indian Chambers of Commerce and Industry |
| Date of publication, distribution, etc | 2000 |
| 270 ## - ADDRESS | |
| Address | USO House, 6 Special Institutional Area |
| City | New Delhi |
| Postal code | 110067 |
| 300 ## - PHYSICAL DESCRIPTION | |
| Extent | 307p. |
| Dimensions | 25cm(Hb) |
| 500 ## - GENERAL NOTE | |
| General note | Includes index |
| 650 ## - SUBJECT ADDED ENTRY--TOPICAL TERM | |
| Topical term or geographic name as entry element | Arbitration and award -- South Asia. |
| 9 (RLIN) | 97366 |
| 650 ## - SUBJECT ADDED ENTRY--TOPICAL TERM | |
| Topical term or geographic name as entry element | Arbitration and award. |
| 9 (RLIN) | 39570 |
| 700 ## - ADDED ENTRY--PERSONAL NAME | |
| Personal name | Kwatra, G. K |
| 9 (RLIN) | 97367 |
| 942 ## - ADDED ENTRY ELEMENTS (KOHA) | |
| Source of classification or shelving scheme | Dewey Decimal Classification |
| Koha item type | English Books |
| Classification part | 346.02 |
| Call number suffix | ARB |
| Withdrawn status | Lost status | Damaged status | Not for loan | Collection code | Home library | Current library | Date acquired | Source of acquisition | Cost, normal purchase price | Total Checkouts | Full call number | Barcode | Date last seen | Copy number | Cost, replacement price | Price effective from | Koha item type |
|---|---|---|---|---|---|---|---|---|---|---|---|---|---|---|---|---|---|
| Not For Loan | Reference | Central Library | Central Library | 06/10/2015 | Cen Lib/Ret | 0.00 | 346.02 ARB | B-045752 | 06/10/2015 | 1 | 0.00 | 06/10/2015 | English Books |
